La morte a Venezia /
Sullo sfondo di una Venezia afosa e appestata dal colera, lo scrittore Gustav von Aschenbach, al culmine del successo, incontra Tadzio, un ragazzo di crudele bellezza. Giochi di sguardi di fronte ai quali vacillano la facciata di rispettabilità e il rigore morale dell'anziano scrittore, che s'abband...
Збережено в:
| Автор: | |
|---|---|
| Інші автори: | |
| Формат: | Книга |
| Мова: | Італійська мова |
| Опубліковано: |
Torino :
Einaudi,
2015
|
| Серія: | ET
|
| Теги: |
Немає тегів, Будьте першим, хто поставить тег для цього запису!
|
MARC
| LEADER | 00000nam a22000007i 4500 | ||
|---|---|---|---|
| 001 | IT\ICCU\LO1\1564060 | ||
| 003 | ItRI | ||
| 005 | 20260116190412.0 | ||
| 008 | 150323s2015 it |||||| ||||| |||||c | ||
| 020 | |a 9788806225667 | ||
| 040 | |b ita |c Arcigay Catania | ||
| 041 | 7 | |a ita |2 ISO-639-2 | |
| 082 | |a 833.912 |2 19 | ||
| 082 | |a 833.912 |2 21 | ||
| 082 | |a 833.912 |2 22 | ||
| 100 | 1 | |a Mann, Thomas, |d (1875-1955) |0 IT\ICCU\CFIV\006259 |4 aut | |
| 240 | 1 | 4 | |a Der Tod in Venedig |9 Mann, Thomas <1875-1955> |
| 245 | 1 | 3 | |a La morte a Venezia / |c Thomas Mann ; traduzione di Anita Rho. |
| 260 | |a Torino : |b Einaudi, |c 2015 | ||
| 300 | |a 108 p. ; |c 20 cm | ||
| 520 | |a Sullo sfondo di una Venezia afosa e appestata dal colera, lo scrittore Gustav von Aschenbach, al culmine del successo, incontra Tadzio, un ragazzo di crudele bellezza. Giochi di sguardi di fronte ai quali vacillano la facciata di rispettabilità e il rigore morale dell'anziano scrittore, che s'abbandona all'inesorabile passione. Luchino Visconti, con il suo film, ha reso immortali i volti e le atmosfere del romanzo. | ||
| 700 | 1 | |a Rho, Anita |0 IT\ICCU\CFIV\046551 |4 trl | |
| 830 | 0 | |a ET |0 IT\ICCU\CFI\0626608 | |
| 942 | |2 ddc |c BK |n 0 | ||
| 952 | |0 0 |1 0 |2 ddc |4 0 |6 833_912000000000000_MAN_LAM |7 0 |9 26180 |a CT |b CT |d 2026-01-16 |l 0 |o 833.912 MAN LAM |p 11625 |r 2026-01-16 19:08:00 |w 2026-01-16 |y BK | ||
| 981 | 1 | |6 z01 |a i |b xxxe | |
| 982 | 1 | |6 z01 |a n | |
| 999 | |c 22164 |d 22164 | ||